000 00738nam a2200193 a 4500
003 0
005 20250310090150.0
008 090710s19uu xx 00 eng d
050 _aPHS GV 706.4
_b.P235 2009
100 _aPark, Dae Hee.
245 _aAggression and sports preference of grade 11 Southville International School and Colleges students /
_cDae Hee Park.
260 _aLas PiƱas City, Philippines :
_bSouthville International School and Colleges,
_c2009.
300 _a30 pages :
_billustrations ;
_c28 cm.
504 _aIncludes bibliographical references.
650 _aAggressiveness in adolescence.
650 _aSports
_xPsychological aspects.
650 _aSports for youth
_xPsychological aspects.
942 _2lcc
_cPASS
999 _c98236
_d98236